Toutes les communes du Lot sur une carte - Statistiques

Statistiques générales
  • Ce quiz a été pris 472 fois
    162 depuis la dernière actualisation
  • Le résultat moyen est 59 sur 312
Réponses sur la Carte
Les réponses sont colorées sur une échelle allant du rouge au vert en fonction du pourcentage des utilisateurs qui les ont devinées à leur premier essai. Vous pouvez retrouver ces pourcentages ci-dessous.
 
Statistiques - réponses
Initiale Réponse Population (2021) % Correct
C Cahors 20 141
93%
F Figeac 9 770
84%
G Gourdon 3 946
76%
(Le) R Le Roc 208
73%
R Rocamadour 611
73%
G Gramat 3 482
61%
S Souillac 3 198
60%
Sᵗ Saint-Céré 3 438
59%
Sᵗ Saint-Cirq-Lapopie 203
59%
Sᵗ Saint-Cirq-Madelon 143
59%
Sᵗ Saint-Cirq-Souillaguet 167
59%
M Martel 1 636
54%
M Montcuq-en-Quercy-Blanc 1 812
53%
C Capdenac 1 091
46%
L Labastide-du-Haut-Mont 46
46%
L Labastide-du-Vert 273
46%
L Labastide-Marnhac 1 291
46%
B Bretenoux 1 389
45%
P Padirac 174
45%
Sᵗ Saint-Pierre-Lafeuille 378
45%
Sᵗ Saint-Pierre-Toirac 162
45%
Sᵗ Saint-Jean-de-Laur 243
43%
Sᵗ Saint-Jean-Lagineste 384
43%
Sᵗ Saint-Jean-Lespinasse 407
43%
Sᵗ Saint-Jean-Mirabel 299
43%
B Biars-sur-Cère 1 973
41%
P Puy-l'Évêque 1 900
40%
L Lacapelle-Cabanac 172
37%
L Lacapelle-Marival 1 281
37%
C Cajarc 1 119
36%
C Castelnau-Montratier 1 835
36%
L Lalbenque 1 858
36%
P Prayssac 2 460
35%
P Pradines 3 584
34%
Sᵗ Saint-Martin-Labouval 189
33%
Sᵗ Saint-Martin-le-Redon 196
33%
C Catus 917
31%
Sᵗ Saint-Paul-de-Vern 175
31%
Sᵗ Saint-Paul-Flaugnac 984
31%
A Autoire 369
30%
Sᵗ Saint-Denis-Catus 199
30%
Sᵗ Saint-Denis-lès-Martel 333
30%
G Gignac 675
29%
L Latronquière 411
29%
A Assier 684
28%
C Cahus 192
28%
Sᵗ Saint-Michel-de-Bannières 328
28%
Sᵗ Saint-Michel-Loubéjou 410
28%
L Luzech 1 771
27%
S Sousceyrac-en-Quercy 1 333
27%
C Carennac 421
25%
L Lachapelle-Auzac 795
25%
(Le) V Le Vigan 1 539
25%
L Loubressac 505
25%
M Mercuès 1 130
25%
P Pern-Lhospitalet 925
25%
Sᵗ Saint-Germain-du-Bel-Air 585
25%
A Arcambal 993
24%
C Cœur de Causse 895
24%
C Cressensac-Sarrazac 1 140
24%
F Frayssinet 304
24%
F Frayssinet-le-Gélat 370
24%
(Le) V Le Vignon-en-Quercy 970
24%
L Limogne-en-Quercy 807
24%
L Livernon 713
24%
V Vayrac 1 291
24%
A Alvignac 691
23%
B Bagnac-sur-Célé 1 477
23%
D Douelle 829
23%
F Flaujac-Gare 88
23%
F Flaujac-Poujols 798
23%
F Fontanes 523
23%
L Lanzac 575
23%
M Miers 451
23%
P Payrac 650
23%
Sᵗ Saint-Médard 181
23%
Sᵗ Saint-Médard-de-Presque 194
23%
Sᵗ Saint-Médard-Nicourby 97
23%
B Béduer 714
22%
C Cardaillac 622
22%
C Corn 239
22%
Sᵗ Saint-Géry-Vers 909
22%
Sᵗ Saint-Laurent-les-Tours 847
22%
B Baladou 384
20%
B Bio 333
20%
F Faycelles 706
20%
L Loupiac 267
20%
L Lunan 607
20%
M Montfaucon 592
20%
P Pinsac 771
20%
Sᵗ Saint-Félix 536
20%
Sᵗ Saint-Sozy 485
20%
I Issendolus 516
19%
L Lamothe-Cassel 115
19%
L Lamothe-Fénélon 305
19%
L Laval-de-Cère 289
19%
(Le) M Le Montat 1 081
19%
L Leyme 927
19%
T Tour-de-Faure 314
19%
C Cabrerets 223
18%
C Cazals 644
18%
C Couzou 96
18%
D Dégagnac 642
18%
E Espédaillac 275
18%
E Espère 1 012
18%
G Gorses 334
18%
L Lacave 257
18%
L Lamagdelaine 710
18%
L Larroque-Toirac 132
18%
L Lavergne 481
18%
P Puybrun 1 003
18%
S Salviac 1 205
18%
V Varaire 350
18%
A Anglars 224
17%
A Anglars-Juillac 331
17%
A Anglars-Nozac 394
17%
C Cuzance 646
17%
F Floirac 240
17%
F Fons 406
17%
(Les) J Les Junies 259
17%
L Lissac-et-Mouret 930
17%
M Marcilhac-sur-Célé 193
17%
M Montdoumerc 557
17%
P Prudhomat 729
17%
Sᵗ Saint-Vincent-du-Pendit 227
17%
Sᵗ Saint-Vincent-Rive-d'Olt 423
17%
T Terrou 174
17%
T Thégra 485
17%
T Trespoux-Rassiels 812
17%
A Albas 526
16%
A Albiac 80
16%
B Beauregard 229
16%
B Bétaille 1 067
16%
C Calvignac 228
16%
C Cambes 361
16%
C Camburat 434
16%
C Concots 410
16%
C Crayssac 802
16%
C Creysse 310
16%
G Gréalou 294
16%
L Latouille-Lentillac 237
16%
(Le) B Le Bastit 137
16%
(Le) B Le Bourg 304
16%
L Lentillac-du-Causse 110
16%
L Lentillac-Saint-Blaise 190
16%
M Maxou 292
16%
M Molières 358
16%
R Rignac 288
16%
Sᵗ Saint-Cirgues 326
16%
Sᵗ Saint-Maurice-en-Quercy 204
16%
T Thémines 242
16%
T Théminettes 177
16%
V Viazac 337
16%
B Belmont-Bretenoux 405
14%
B Belmont-Sainte-Foi 123
14%
C Calamane 457
14%
C Calès 166
14%
C Caniac-du-Causse 387
14%
C Cieurac 619
14%
D Duravel 942
14%
F Felzins 470
14%
G Gagnac-sur-Cère 664
14%
G Girac 357
14%
G Glanes 296
14%
L Lauzès 209
14%
M Montet-et-Bouxal 214
14%
M Montredon 301
14%
P Payrignac 653
14%
P Planioles 544
14%
P Porte-du-Quercy 547
14%
Q Quissac-en-Quercy 107
14%
Sᵗ Saint-Hilaire 58
14%
Sᵗ Saint-Sulpice 142
14%
S Sauzet 536
14%
A Aynac 556
13%
B Blars 133
13%
C Concorès 305
13%
C Cornac 353
13%
L Labathude 202
13%
L Laramière 352
13%
L Linac 234
13%
L Lunegarde 93
13%
M Mayrinhac-Lentour 488
13%
M Milhac 193
13%
M Montcabrier 343
13%
M Montgesty 320
13%
P Prendeignes 230
13%
R Reilhac 171
13%
R Reyrevignes 363
13%
Sᵗ Saint-Clair 140
13%
Sᵗ Saint-Projet 345
13%
S Soturac 635
13%
T Tauriac 458
13%
T Teyssieu 164
13%
B Bach 196
12%
B Bélaye 207
12%
B Bellefont-La Rauze 1 201
12%
B Bouziès 93
12%
C Carnac-Rouffiac 229
12%
C Castelfranc 427
12%
C Cavagnac 422
12%
C Cézac 174
12%
C Condat 388
12%
E Espagnac-Sainte-Eulalie 86
12%
F Frayssinhes 160
12%
G Gigouzac 304
12%
G Gindou 348
12%
G Gintrac 100
12%
G Grèzes 163
12%
L Lauresses 245
12%
L Lendou-en-Quercy 624
12%
M Mayrac 259
12%
M Meyronne 258
12%
M Montvalent 302
12%
R Rueyres 192
12%
Sᵗ Saint-Chamarand 181
12%
Sᵗ Saint-Perdoux 209
12%
S Sauliac-sur-Célé 117
12%
V Vire-sur-Lot 340
12%
A Aujols 374
11%
B Barguelonne-en-Quercy 702
11%
B Belfort-du-Quercy 511
11%
B Berganty 130
11%
B Bessonies 74
11%
B Boussac 179
11%
B Brengues 204
11%
C Caillac 599
11%
C Carlucet 223
11%
C Cénevières 173
11%
C Cuzac 240
11%
D Durbans 156
11%
L Larnagol 136
11%
(Les) A Les Arques 217
11%
L Lherm 235
11%
M Masclat 358
11%
M Mauroux 525
11%
M Montcléra 257
11%
N Nadaillac-de-Rouge 161
11%
P Parnac 383
11%
P Pescadoires 190
11%
S Sabadel-Latronquière 92
11%
S Sabadel-Lauzès 86
11%
Sᵗ Saint-Simon 193
11%
S Sérignac 319
11%
T Touzac 369
11%
U Ussel 97
11%
V Villesèque 396
11%
B Bannes 146
10%
C Cremps 368
10%
E Escamps 212
10%
E Estal 114
10%
F Fourmagnac 175
10%
F Francoulès 255
10%
G Ginouillac 141
10%
G Grézels 231
10%
L Laburgade 368
10%
(Les) P Les Pechs du Vers 310
10%
M Marminiac 346
10%
M Montlauzun 118
10%
O Orniac 71
10%
P Peyrilles 344
10%
P Promilhanes 220
10%
P Puyjourdes 89
10%
R Rudelle 182
10%
Sᵗ Saint-Bressou 122
10%
Ste Sainte-Colombe 230
10%
S Sénaillac-Latronquière 130
10%
S Sénaillac-Lauzès 139
10%
S Soucirac 103
10%
S Strenquels 270
10%
T Thédirac 294
10%
B Boissières 404
8%
C Cadrieu 161
8%
C Cambayrac 136
8%
C Cras 100
8%
E Esclauzels 218
8%
E Espeyroux 95
8%
F Fajoles 309
8%
F Floressas 175
8%
F Frontenac 72
8%
G Goujounac 218
8%
I Issepts 272
8%
L Ladirat 90
8%
L Lagardelle 129
8%
L Lavercantière 253
8%
L Léobard 213
8%
M Montbrun 110
8%
N Nadillac 71
8%
Sᵗ Saint-Chels 136
8%
S Séniergues 142
8%
S Sonac 91
8%
U Uzech 207
8%
V Vaylats 332
8%
V Vidaillac 187
8%
C Camboulit 254
7%
C Carayac 107
7%
C Cassagnes 175
7%
C Crégols 77
7%
(Le) B Le Bouyssou 124
7%
L Lugagnac 127
7%
N Nuzéjouls 354
7%
P Pomarède 192
7%
R Reilhaguet 148
7%
R Rouffilhac 189
7%
S Saignes 75
7%
S Saillac 149
7%
Sᵗ Saint-Caprais 85
7%
S Soulomès 135
7%
M Mechmont 125
6%
M Montamel 92
6%
P Pontcirq 180
6%
R Rampoux 100
6%
Aucun quiz correspondant
Distribution des résultats
% des personnes avec chaque résultat
Percentile par nombre de réponses
Votre historique - résultats
Vous n’avez pas pris ce quiz depuis la dernière actualisation